| 000 | 00582nam a2200217Ia 4500 | ||
|---|---|---|---|
| 003 | GCL | ||
| 008 | 140319s9999 xx 000 0 ara d | ||
| 040 |
_aGCL / _cGCL |
||
| 082 | 0 | 4 |
_a636.7 _bم ك |
| 100 | 1 | _aمعتز ابراهيم | |
| 245 | 1 | 0 |
_aكلب الرعاة الالمانى / _cمعتز ابراهيم |
| 700 | 1 | _aكريم رمزى | |
| 260 |
_a[S.N] : _bالمجالس ، _c1994 |
||
| 300 | _a87 | ||
| 490 | _a | ||
| 650 | 0 | 4 | _aتشريح |
| 650 | 0 | 4 | _aالكلاب |
| 650 | 0 | 4 | _aالتهجين |
| 650 | 0 | 4 | _aالحيوانات - تربية |
| 942 |
_2ddc _cBK |
||
| 999 |
_c30288 _d30288 |
||